000 00553nmm a2200169Ia 4500
008 251105s9999||||xx |||||||||||||||||und||
020 _a9789587381023
041 _aspa
100 _aEsguerra Pardo, Nicolás Boris
245 0 _aTeoría sociológica: ensayos (Comte, Durkheim, Sorel, Simmel, Merton, Bourdieu)
264 _a[Bogotá, Colombia] :
_bUniversidad del Rosario,
_c2010
300 _a144 páginas
490 _aTextos de Ciencias Humanas
650 _aSociology
856 _uhttps://public.digitaliapublishing.com/a/14887
942 _cCF
999 _c95672
_d95672